000 00327 a2200109 4500
001 ART_7048
005 20260410161700.0
008 260409a
245 1 0 _aCorrelación entre importaciones y exportaciones
100 1 _aBebczuk, Ricardo
773 0 _tEnsayos Económicos
_g- Nº 52 (oct./dic. 2008)
_wREV620
999 _c15044
_d15044